00775nam a2200193 a 450000100100000000500170001000800410002702000180006804000250008610000330011124500990014426000390024330000350028249000300031750001500034750400340049771000210053183000290055200004340020201002040859.0140313s2007 sp abd 000 0 spa d a9788496515482 aDO-SdBNPbspacBNPHU1 aPérez García, Francisco.10aClaves del desarrollo a largo plazo de la economía española /cFrancisco Pérez García. aBilbao :bFundación BBVA,c2007. a223 p. :bil., gráf., mapas.1 aConferencias magistrales, aEsta obra recoge uno de los ciclos de Conferencias Magistrales que, organizado por la Fundación BBVA, impartió el profesor Francisco Pérez. aBibliografía : (p. 217-222)2 aFundación BBVA 0aConferencias magistrales